Eduardo Cruz-Coke Lassabe: política, ciencia y espíritu, 1899-1974
Đã lưu trong:
| Những tác giả chính: | , , |
|---|---|
| Tác giả khác: | |
| Định dạng: | Sách |
| Ngôn ngữ: | Tiếng Tây Ban Nha |
| Được phát hành: |
Valparaíso
Biblioteca del Congreso Nacional
2013
|
| Phiên bản: | 1a. ed |
| Những chủ đề: | |
| Các nhãn: |
Thêm thẻ
Không có thẻ, Là người đầu tiên thẻ bản ghi này!
|
MARC
| LEADER | 00000cam a2200000 a 4500 | ||
|---|---|---|---|
| 001 | UCE2592 | ||
| 003 | CL-VaPUC | ||
| 008 | 140710e20130000cl |||||||||||||||||spa|d | ||
| 020 | |a 9789567629176 | ||
| 082 | 0 | 4 | |a 926.10983 |b VAS |2 21 |
| 100 | 0 | |a Vásquez Vargas, David |e author |9 575089 | |
| 700 | 0 | |a Arrau Corominas, Fernando |e author |9 575090 | |
| 700 | 0 | |a Serani Pradenas, Edmundo |e author |9 575091 | |
| 700 | |a Rivera Polo, Felipe |e autor |9 575092 | ||
| 245 | 1 | 0 | |a Eduardo Cruz-Coke Lassabe: política, ciencia y espíritu, 1899-1974 |
| 250 | |a 1a. ed | ||
| 300 | |a 87 p | ||
| 942 | |c BK | ||
| 945 | |d 20140710 11:54:00 |a dcastane | ||
| 260 | |a Valparaíso |b Biblioteca del Congreso Nacional |c 2013 | ||
| 600 | 0 | 7 | |a CRUZ COKE LASSABE, EDUARDO |2 CL-VaPUC |9 320331 |
| 650 | 0 | |a Biografías |9 255210 | |
| 650 | 7 | |a MEDICOS CHILENOS |2 CL-VaPUC |9 508136 | |
| 650 | 7 | |a POLITICOS CHILENOS |2 CL-VaPUC |9 575093 | |
| 583 | |a last modification |c 20140710 11:54:00 |k Rodrigo Vera | ||
| 999 | |c 356181 |d 356179 | ||
| 952 | |0 0 |1 0 |3 erb |4 0 |6 926_109830000000000_VAS_2013 |7 0 |8 A |9 463352 |a BIBHIS |b BIBHIS |i 5089395 |o 926.10983 VAS 2013 |p 5089395 |r 2025-01-20 |w 2019-11-23 |y BK |z Catalogado en:20140710 |k HIS | ||
| 952 | |0 0 |1 0 |3 erb |4 0 |6 926_109830000000000_VAS_2013 |7 0 |8 X |9 463353 |a FDOBUD |b FDOBUD |i 5085675 |o 926.10983 VAS 2013 |p 5085675 |r 2019-11-23 |w 2019-11-23 |y BK_X |z Catalogado en:20140710 |k BUD | ||